Patolino

Kaydedildi:
Detaylı Bibliyografya
Yazar: Carvajal, Víctor (Yazar)
Materyal Türü: Kitap
Dil:İspanyolca
Baskı/Yayın Bilgisi: Santiago Andrés Bello 1995
Edisyon:1a. ed
Konular:
Etiketler: Etiketle
Etiket eklenmemiş, İlk siz ekleyin!

MARC

LEADER 00000nam a2200000 a 4500
001 UCH9753
003 CL-VaPUC
008 100121e19950400CL |||||||||||||||||spa|d
020 |a 9561312891 
082 0 4 |a Ch863  |b CAR  |2 21 
100 |a Carvajal, Víctor  |e author  |9 569502 
245 1 0 |a Patolino 
250 |a 1a. ed 
300 |a 73 p 
942 |c BK 
945 |d 20100121 00:00:00  |a dcastane 
260 |a Santiago  |b Andrés Bello  |c 1995 
650 0 |a Literatura chilena   |9 308278 
650 0 |a Literatura infantil   |9 307465 
650 0 |a Cuentos chilenos   |9 308280 
583 |a last modification  |c 20100121 00:00:00  |k Rodrigo Vera 
999 |c 339643  |d 339641